Рабочий класс в мировом революционном процессе. 1988: ежегодник

Detaylı Bibliyografya
Müşterek Yazar: Академия наук СССР (АН СССР) Институт международного рабочего движения (ИМРД)
Diğer Yazarlar: Галкин А. А. (редактор)
Özet:Исключено из фонда НТБ ТПУ
Dil:Rusça
Baskı/Yayın Bilgisi: Москва, Наука, 1988
Materyal Türü: MixedMaterials Kitap
KOHA link:https://koha.lib.tpu.ru/cgi-bin/koha/opac-detail.pl?biblionumber=259703

MARC

LEADER 00000nam0a2200000 4500
001 259703
005 20231031220744.0
035 |a (RuTPU)RU\TPU\book\282649 
090 |a 259703 
100 |a 20140512d1988 k y0rusy5003 ca 
101 0 |a rus 
102 |a RU 
105 |a a z 001zy 
200 1 |a Рабочий класс в мировом революционном процессе. 1988  |e ежегодник  |f Академия наук СССР (АН СССР), Институт международного рабочего движения (ИМРД) ; под ред. А. А. Галкина 
210 |a Москва  |c Наука  |d 1988 
215 |a 280 с.  |c ил. 
333 |a Исключено из фонда НТБ ТПУ 
702 1 |a Галкин  |b А. А.  |4 340 
712 0 2 |a Академия наук СССР (АН СССР)  |b Институт международного рабочего движения (ИМРД)  |c (Москва)  |c (1966-1991) 
801 0 |a RU  |b RuMRKP  |c 19950704  |g psbo 
801 1 |a RU  |b 63413507  |c 20140512 
801 2 |a RU  |b 63413507  |c 20220311  |g RCR 
942 |c BK